Cuando el matrimonio juega su baza / (Record no. 114718)

MARC details
000 -LEADER
campo de control de longitud fija 00513nam a2200181 i 4500
001 - NÚMERO DE CONTROL
campo de control 114718
003 - IDENTIFICADOR DE NÚMERO DE CONTROL
campo de control ES-MaACL
005 - FECHA Y HORA DE LA ÚLTIMA TRANSACCIÓN
campo de control 20250328063128.0
007 - CAMPO FIJO DE DESCRIPCIÓN FÍSICA--INFORMACIÓN GENERAL
campo de control de longitud fija t|
008 - DATOS DE LONGITUD FIJA--INFORMACIÓN GENERAL
campo de control de longitud fija 070322s1963 sp ||||1| spa d
080 ## - NÚMERO DE LA CLASIFICACIÓN DECIMAL UNIVERSAL
Número de la Clasificación Decimal Universal 173.1(042)
100 1# - ENTRADA PRINCIPAL--NOMBRE DE PERSONA
Nombre de persona Adro Xavier,
Fechas asociadas al nombre 1910-1998
9 (RLIN) 18481
245 10 - MENCIÓN DEL TÍTULO
Título Cuando el matrimonio juega su baza /
Mención de responsabilidad, etc. por Adro Xavier.
260 ## - PUBLICACIÓN, DISTRIBUCIÓN, ETC.
Lugar de publicación, distribución, etc. Barcelona :
Nombre del editor, distribuidor, etc. Subirana,
Fecha de publicación, distribución, etc. [1963]
300 ## - DESCRIPCIÓN FÍSICA
Extensión 239 p. ;
Dimensiones 19 cm.
852 ## - LOCALIZACIÓN
Ubicación ES-MaACL
Número de control de estantería C-24393
Sublocalización o colección R.51752
Holdings
Estatus retirado Estado de pérdida Estado de daño No para préstamo Biblioteca de origen Biblioteca actual Ubicación en estantería Fecha de adquisición Fuente de adquisición Total de préstamos Signatura topográfica completa Código de barras Visto por última vez Precio de reemplazo Tipo de ítem Koha
        Biblioteca del Ateneo de Madrid Biblioteca del Ateneo de Madrid Depósito 2 17/01/2008     C-24393 1119630 23/02/2023 23/02/2023 Libro impreso